| 000 | 00392nam a2200157Ia 4500 | ||
|---|---|---|---|
| 003 | Ost | ||
| 005 | 20260225132554.0 | ||
| 008 | 260225s9999||||xx |||||||||||||| ||und|| | ||
| 040 | _cfsic | ||
| 041 | _afre | ||
| 082 | _a440 | ||
| 100 |
_aLévéque Sandrine _eAuteur |
||
| 245 | 0 | _aLes Journalistes sociaux : | |
| 245 | 0 |
_bhistoire et sociologie d'une / _cLévéque Sandrine |
|
| 942 | _cكتاب | ||
| 999 |
_c34356 _d34356 |
||